| 000 | 01077nas a2200313 4500 | ||
|---|---|---|---|
| 001 | BR8102036 | ||
| 003 | BR-BrBNA | ||
| 005 | 20231205084623.0 | ||
| 007 | ta | ||
| 008 | 230509b bl.|||p| |||| 00| 00por d | ||
| 040 |
_aBR-BrBNA _bpor _cBiblioteca Nacional de Agricultura |
||
| 041 | _a(Pt) | ||
| 072 | _aP12; E15 | ||
| 100 | 1 | _aSousa, I.C. de | |
| 100 | 1 | _aLeme, E.J. de A. | |
| 100 | 1 | _aRosenfeld, V. | |
| 100 | 1 | _aBatistella, J.R. | |
| 100 | 1 | _aBarbieri, V. | |
| 245 | 1 | _aIrrigacao da cana-de-acucar na regiao norte fluminense: viabilidade tecnico-economica [Saccharum spp; Rio de Janeiro; brasil] | |
| 246 | 1 | _a[Sugarcane irrigation in the northern Rio de Janeiro state: technical economical viability [Saccharum spp; Rio de Janeiro; Brazil]] | |
| 650 | _aIrrigacao | ||
| 650 | _aMicroeconomia | ||
| 650 | _aCana de acucar | ||
| 650 | _aCusto | ||
| 650 | _aRio de Janeiro | ||
| 773 | 0 |
_tBoletim Tecnico PLANALSUCAR (Brazil) _xISSN 0100-3208 _g(May 1980), v. 2(3) p. 1-34 _wBR8102036 |
|
| 909 |
_a202311 _bLúcia _c55 _dLúcia Elande |
||
| 942 |
_2AGRIS _n0 _cANA |
||
| 999 |
_c106293 _d106293 |
||